| 000 | 01134nam a2200241 a 4500 | ||
|---|---|---|---|
| 001 | 45444 | ||
| 003 | BD-RjUL | ||
| 005 | 20211209054020.0 | ||
| 008 | 160726s1987 i |||| b||| 001 0 ben d | ||
| 035 | _a(BD-RjUL)45562 | ||
| 040 |
_aBD-RjUL _bben _cBD-RjUL |
||
| 041 | _aben | ||
| 082 |
_223 _a025.52 _bCHR 1987 |
||
| 100 | 1 | 0 |
_aচক্রবতী, ভুবনেশ্বর _9139132 |
| 245 | 1 | 0 |
_aরেফারেন্স সার্ভিস ও বাংলা আকরগ্রন্থ / _cভুবনেশ্বর চক্রবতী ও শতদ্রুশোভন চক্রবতী |
| 260 |
_aকলিকাতা : _bদি ওয়ার্ল্ড প্রেস প্রাইভেট লিমিটড, _c১৯৮৭ |
||
| 300 |
_a৪১৫ পৃ. ; _c২১ সেমি. |
||
| 504 | _aপাঠ সহায়িকা ও নির্দেশিকা সংযুক্ত | ||
| 650 |
_aরেফারেন্স সার্ভিস _9139133 |
||
| 650 |
_aReference Service _9139134 |
||
| 700 |
_aশতদ্রুশোভন চক্রবতী _9139135 |
||
| 942 |
_2ddc _cBK |
||
| 999 |
_c45444 _d45444 |
||